| 000 | 00801nam a22002175i 4500 | ||
|---|---|---|---|
| 001 | 48069 | ||
| 003 | ES-MaACL | ||
| 005 | 20250813063305.0 | ||
| 007 | t| | ||
| 008 | 940206s1897 sp ||||1| spa d | ||
| 040 |
_aCAM _bspa |
||
| 100 | 1 |
_aCueto, Leopoldo Augusto de, _cMarqués de Valmar, _d1815-1901 _942077 |
|
| 245 | 1 | 0 |
_aEstudio histórico, crítico y filológico sobre las Cantigas del rey don Alfonso el Sabio / _cpor el Marqués de Valmar. |
| 250 | _a2ª ed. | ||
| 260 |
_aMadrid : _bReal Academia Española, _c1897 ( _fSucesores de Rivadeneyra) |
||
| 300 |
_aXXII, 401, [1] p. ; _c23 cm. |
||
| 630 | 0 | 4 |
_aCantigas de Santa María. _kCrítica textual. _9119666 |
| 710 | 2 |
_aReal Academia Española _96336 |
|
| 852 |
_aES-MaACL _jZ-95 _xOlim: F-7098 |
||
| 999 |
_c48069 _d48069 |
||